banner-ar

Maisons de France au Caire : (Record no. 60716)

MARC details
000 -الفاتح
حقل البيانات ثابتة الطول 01635cam a2200373 4500
005 - وقت وتاريخ اخر تعامل مع التسجيلة
رقم الضبط 20240530110424.0
008 - عناصر البيانات ثابتة الطول - معلومات عامة
حقل البيانات ثابتة الطول 130212s2010 ua aof f b 000 0 fre
010 ## -
-- 2012509372
020 ## - الرقم الدولى المعيارى للكتب
الرقم الدولى المعيارى للكتاب الملغى /الخاطئ 9782724706369
022 ## - الرقم الدولى المعيارى للدوريات
المصدر 11102470
035 ## - رقم ضبط النظام
رقم ضبط النظام (OCoLC)ocn824130771
040 ## - مصدر الفهرسة
وكالة الفهرسة الأصلية EG-CaGPL
وكالة النسخ EG-CaGPL
041 1# - رمز اللغة
رمز لغة النص/ المسارات الصوتية أو العنوان الانفرادي fre
-- ara
042 ## -
-- lccopycat
-- lcode
082 04 - رقم تصنيف ديوى العشرى
رقم الطبعة 21
رقم التصنيف 704.9481
رقم المادة CC/V M
100 1# - المدخل الرئيسى - إسم شخصى
الإسم الشخصى Volait, Mercedes.
245 10 - بيان العنوان
العنوان Maisons de France au Caire :
بقية العنوان le remploi de grands décors mamelouks et ottomans dans une architecture moderne = Buyūt Faransā fī al-Qāhirah : al-āthār al-mamlūkīyah wa-al-ʻuthmānīyah fī al-ʻimārah al-ḥadīthah /
بيان المسئوليه,etc textes Mercedes Volait ; photographies Blas Gimeno Ribelles.
246 31 - العنوان الموازى
الرابط 880-01
عنوان صحيح/عنوان مختصر Buyūt Faransā fī al-Qāhirah :
بقية العنوان al-āthār al-mamlūkīyah wa-al-ʻuthmānīyah fī al-ʻimārah al-ḥadīthah
260 ## - PUBLICATION, DISTRIBUTION, ETC. (IMPRINT)
تاريخ النشر أو التوزيع 2012.
300 ## - الوصف المادى
التعداد 297 pages :
تفاصيل ماديه اخرى للوعاء illustrations (some color) ;
أبعاد الوعاء 16 x 23 cm.
500 ## - تبصرة عامة
تبصرة عامة Text in Arabic and French.
504 ## - تبصرة ببليوجرافية
تبصرة ببليوجرافية,الخ Includes bibliographical references (p. 293-295).
650 #0 - المدخل الاضافى بالموضوع-مصطلح موضوعى
مصطلح موضوعي Architecture
التقسيم الفرعي الجغرافي Egypt
-- Cairo
التقسيم الفرعي الشكلي Pictorial works.
650 #0 - المدخل الاضافى بالموضوع-مصطلح موضوعى
مصطلح موضوعي Architecture, Ottoman
التقسيم الفرعي الجغرافي Egypt
-- Cairo
التقسيم الفرعي العام History
التقسيم الفرعي الشكلي Pictorial works.
651 #0 - المدخل الاضافى بالموضوع - اسم جغرافى
الاسم الجغرافي Cairo (Egypt)
التقسيم الفرعي العام Antiquities
التقسيم الفرعي الشكلي Pictorial works.
700 1# - المدخل الاضافى - اسم شخصى
الإسم الشخصى Ribelles, Gimeno.
942 ## - عناصر المدخل الإضافي( كوها)
مصدر التصنيف او مخطط الترفيف Dewey Decimal Classification
Koha [default] item type كتاب
260 ## - PUBLICATION, DISTRIBUTION, ETC. (IMPRINT)
-- Le Caire :
-- Institut français d'archéologie orientale,
336 ## -
-- text
-- rdacontent
337 ## -
-- unmediated
-- rdamedia
338 ## -
-- volume
-- rdacarrier
Holdings
حالة التراجع حالة الفقد مصدر التصنيف او خطة الترفيف حالة تلف ليس للاعارة المكان المؤقت الموقع الحالى تاريخ الاكتساب اجمالي اﻻعارات رقم الطلب الباركود تاريخ اخر مشاهدة تاريخ تفعيل السعر نوع وعاء كوها
    ddc     مكتبة القاهرة الكبرى مكتبة القاهرة الكبرى 03/22/2015   704.9481 CC/V M 159822 03/22/2015 03/22/2015 كتاب

Powered By

EGPV